00488nam a2200169Ia 4500999001500000003000400015005001700019008004100036040000900077082001900086100002300105245007800128250001200206260004700218300000900265942004400274 c5886d5886OSt20200123122432.0190216s9999||||xx |||||||||||||| ||und|| coclc a658.421bPAU/E aPaul, Jose 91469 0aEntrepreneurship Development And Management /cJose Paul ; N Ajith Kumar a4th ed. bHimalaya Publishing House,c2000.aMumbai: a262p cBK2ddch658.421iPAU/Ek658.421mPAU/E